000 00340 a2200157 4500
001 185527
020 _a85-349-0585-1
040 _cMagnum
100 _aAlves, Rubem
240 1 0 _aO medo da sementinha
_lpor
245 1 0 _aO medo da sementinha
300 _a
440 1 _aPaulus
697 _aLITERATURA INFANTO-JUVENIL
942 _cBK
999 _c185527
_d185527